マサツの回避の世代 : 若者のホンネと主張

Spremljeno u:
Bibliografski detalji
Glavni autor: 千石 保 (Sengoku Tamotsu)
Format: Knjiga
Izdano: PHP研究所 1994
Oznake: Dodaj oznaku
Bez oznaka, Budi prvi tko označuje ovaj zapis!
Thư viện lưu trữ: Mạng thư viện Đại học Đà Nẵng
LEADER 00578nam a2200229 a 4500
001 000029016
003 15168
005 20171030145630.0
008 171030s1994
040 |a LTT 
082 0 |a 305.3  |b SE-T 
100 1 |a 千石 保 (Sengoku Tamotsu) 
245 0 0 |a マサツの回避の世代 : 若者のホンネと主張  |c 千石 保. 
260 |b PHP研究所  |c 1994 
500 |a SAIKA 
OWN |a LTT 
999 |a From the UDN01 
TYP |a Monograph 
TYP |a Printed language 
980 |a Mạng thư viện Đại học Đà Nẵng